000
00331nam a22001337a 4500
020
_a
023-9896-89-9
041
_a
ENG
100
_a
Jagdish P.
245
_a
Principles And Practices of Dairy Farm Management
260
_a
Allahabad
_b
Jagdish Prasad
_c
1989
300
_a
619
650
_a
Agricultural
856
_u
Agricultural ( 20 )
999
_c
287
_d
287